logo

Bir Sreshtho Munshi Abdur Rouf Library
Jhenaidah Cadet College

Cambridge IGCSE chemistry coursebook / (Record no. 10802)

MARC details
000 -LEADER
fixed length control field 00884nam a2200277 a 4500
001 - CONTROL NUMBER
JCCL Control Number 10802
003 - CONTROL NUMBER IDENTIFIER
JCCL marc code BD-JhCC
005 - DATE AND TIME OF LATEST TRANSACTION
control field 20201202134020.0
008 - FIXED-LENGTH DATA ELEMENTS--GENERAL INFORMATION
fixed length control field 190407t20142014enka 001 0 eng
020 ## - INTERNATIONAL STANDARD BOOK NUMBER
International Standard Book Number 9781107615038 (pbk.)
020 ## - INTERNATIONAL STANDARD BOOK NUMBER
International Standard Book Number 1107615038 (pbk.)
035 ## - SYSTEM CONTROL NUMBER
system control number (BD-JhCC)10802
040 ## - CATALOGING SOURCE
Original cataloging agency DLC
Description conventions rda
Transcribing agency DLC
Modifying agency DLC
-- BD-JhCC
041 ## - LANGUAGE CODE
Language code of Book eng
050 00 - LIBRARY OF CONGRESS CALL NUMBER
Classification number QD42
Item number .H345 2014
082 00 - DEWEY DECIMAL CLASSIFICATION NUMBER
Classification number 540.76
DDC Edition number 23
Author mark and Year HAR 2014
100 1# - MAIN ENTRY--PERSONAL NAME
Personal name Harwood, Richard,
Dates associated with a name 1946-
245 10 - TITLE STATEMENT
Title Cambridge IGCSE chemistry coursebook /
Statement of responsibility, etc Richard Harwood and Ian Lodge.
250 ## - EDITION STATEMENT
Edition statement Fourth edition.
260 ## - PUBLICATION, DISTRIBUTION, ETC. (IMPRINT)
Place of publication, distribution, etc United Kingdom :
Name of publisher, distributor, etc Cambridge University Press,
Date of publication, distribution, etc 2014
300 ## - PHYSICAL DESCRIPTION
Pagination vi, 354 pages :
Other physical details illustrations (chiefly color) ;
Dimensions 28 cm. +
Accompanying material 1 CD-ROM (4 3/4 in.)
500 ## - GENERAL NOTE
General note Includes CD-ROM.
650 #0 - SUBJECT ADDED ENTRY--TOPICAL TERM
Topical term or geographic name as entry element Chemistry
General subdivision Examinations
Form subdivision Study guides.
700 1# - ADDED ENTRY--PERSONAL NAME
Personal name Lodge, Ian.
942 ## - ADDED ENTRY ELEMENTS (KOHA)
Source of classification or shelving scheme Dewey Decimal Classification
Koha item type Books
Koha issues (borrowed), all copies 4
Holdings
Source of classification or shelving scheme Damaged status Not for loan Home library Current library Shelving location Date of accession Total Checkouts Full call number Barcode Date last seen Date checked out Copy number Koha item type Checked out
Dewey Decimal Classification     JCC Rouf Library JCC Rouf Library General Stacks 04/07/2019 3 540.76 HAR 2014 14687 12/05/2024 10/31/2024 C-1 Books  
Dewey Decimal Classification     JCC Rouf Library JCC Rouf Library General Stacks 04/07/2019 1 540.76 HAR 2014 14688 12/01/2020 12/01/2020 C-2 Books 01/06/2021

JCC Library | Contacts | JCC Home

Last Update on 23 September 2017
Copyright @ 2017-2020 JCC Rouf Library
Rouf Library, Jhenidah Cadet College (JCC), Bangladesh